00358 a2200109 450000500170000002000220001708200210003924500560006026000300011630000680014670000340021420250610064741.0 a978-1-4471-5762-5 aREF 658.202 HAN aHandbook of Maintenance Management and Engineering aLondon,bSpringer,c2009. axxvii, 741p.: ill, figure, table,breferences & index,c24cm. aBEN-DAYA, M . [et all....]